000 00908nam a2200301 a 4500
001 21972
003 BD-RjUL
005 20211209000742.0
008 140306s1970 enka 001 0 eng d
020 _a0416183409 (pbk)
020 _a041616840X
035 _a(BD-RjUL)22037
035 _a(OCoLC)98135
040 _aUkOxU
_beng
_cUkOxU
_dBD-RjUL
041 _aeng
082 _a910.7
_bFRO 1970
245 0 0 _aFrontiers in geographical teaching /
_cedited by Richard J. Chorley and Peter Haggett.
250 _a2nd. ed.
260 _aLondon :
_bMethuen,
_cc1970.
300 _ax, 384 p. :
_bill., maps ;
_c20 cm.
504 _aIncludes bibliographical references and index.
650 0 4 _aGeography
_xStudy and teaching
_926087
700 1 _aChorley, Richard J.
_932808
700 1 _aHaggett, Peter.
_967858
830 0 _aUniversity paperbacks
_925556
942 _2ddc
_cBK
999 _c21972
_d21972